00400nam a2200145Ia 4500003000400000005001700004008004100021040000900062082002000071100002000091245006300111260005800174300000900232650001300241OSt20201201101019.0190216s9999||||xx |||||||||||||| ||und|| coclc a894.8124bSRE/F aSreedharan, A M 0aFoklore :bSameepanangalum Sadhyadakalum /cA M Sreedharan bMalayala Padana Gaveshana Kendram, c2009.aThrissur: a208p aLekhanam